LEADER 00956nam--2200349---450 001 990000792800203316 005 20210617095715.0 010 $a88-7972-138-0 035 $a0079280 035 $aUSA010079280 035 $a(ALEPH)000079280USA01 035 $a0079280 100 $a20011207h----1995km-y0itay0103----ba 101 $aita 102 $aIT 105 $a||||||||001yy 200 1 $aDa Mao a Deng$ela trasformazione della Cina$fFerdinando Mezzetti 210 $aMilano$cCorbaccio$h1995 215 $a475 p.$d22 cm 225 2 $aCollana storica 410 $12001$aCollana storica 461 1$1001-------$12001 606 0 $aCina$xPolitica$z1980-1994 676 $a951.058 700 1$aMEZZETTI,$bFernando$0123174 801 0$aIT$bsalbc$gISBD 912 $a990000792800203316 951 $aX.3.B. 2287 (III E COLL 178/10)$b141861 L.M.$cIII E COLL 959 $aBK 969 $aUMA 996 $aDa Mao a Deng$9965820 997 $aUNISA LEADER 03570oam 2200685I 450 001 9910453449603321 005 20200520144314.0 010 $a0-429-90500-9 010 $a0-367-10292-7 010 $a0-429-48023-7 010 $a1-78241-232-8 035 $a(CKB)2550000001180188 035 $a(EBL)1589065 035 $a(SSID)ssj0001168122 035 $a(PQKBManifestationID)11759206 035 $a(PQKBTitleCode)TC0001168122 035 $a(PQKBWorkID)11142877 035 $a(PQKB)10687414 035 $a(MiAaPQ)EBC1589065 035 $a(Au-PeEL)EBL1589065 035 $a(CaPaEBR)ebr10827823 035 $a(CaONFJC)MIL560302 035 $a(OCoLC)867818733 035 $a(EXLCZ)992550000001180188 100 $a20180727h20182014 uy 0 101 0 $aeng 135 $aur|n|---||||| 181 $ctxt 182 $cc 183 $acr 200 10$aSiblings in the unconscious and psychopathology $ewomb fantasies, claustrophobias, fear of pregnancy, murderous rage, animal symbolism, Christmas and Easter "neuroses", and twinnings or identifications with sisters and brothers /$fby Gabriele Ast 205 $aFirst edition. 210 1$aBoca Raton, FL :$cRoutledge, an imprint of Taylor and Francis,$d[2018]. 210 4$dİ2014. 215 $a1 online resource (199 p.) 300 $aDescription based upon print version of record. 311 $a1-78220-161-0 311 $a1-306-29051-1 320 $aIncludes bibliographical references and indexes. 327 $aCOVER; CONTENTS; ACKNOWLEDGMENTS; INTRODUCTION; 1 UNCONSCIOUS FANTASIES; 2 THE INTRUDER; 3 INSECTS, FISH, BIRDS, AND ANIMALS; 4 TERRITORIALITY AND UNCONSCIOUS WOMB FANTASIES; 5 THE SECRET RESTAURANT; 6 TO KILL OR TO REPAIR; 7 DEPOSITED REPRESENTATIONS; 8 TWINNING; 9 DEAD SIBLING REPRESENTATIONS; 10 CHARON AND HERAKLES: LIVING WITH A DEAD BROTHER; 11 DIAGNOSIS; REFERENCES; NAME INDEX; SUBJECT INDEX 330 3 $aThis book examines adults' identifications and internal relationships with their siblings' mental representations. The authors believe that the best way to illustrate clinical formulations and psychoanalytic theoretical concepts is to provide detailed clinical data. The influence of childhood sibling experiences and associated unconscious fantasies, in their own right, in adults' personality characteristics, behaviour patterns, and symptoms are presented from seventeen case reports. Clinicians who have patients with fear of pregnancy, claustrophobia, incestuous fantasies, extreme dependency on or murderous rage against siblings, guilt due to the death of a sister or brother in childhood, replacement child syndrome, history of adoption, certain types of animal phobias and related issues will find this volume most helpful. The authors have made a rare, but needed, psychoanalytic contribution that examines mental representations of sisters and brothers in our daily lives. 606 $aBrothers and sisters 606 $aObject relations (Psychoanalysis) 606 $aMental illness$xEtiology 606 $aFantasy 606 $aSubconsciousness 608 $aElectronic books. 615 0$aBrothers and sisters. 615 0$aObject relations (Psychoanalysis) 615 0$aMental illness$xEtiology. 615 0$aFantasy. 615 0$aSubconsciousness. 676 $a616.89/071 700 $aAst$b Gabriele$0853962 801 0$bFlBoTFG 801 1$bFlBoTFG 906 $aBOOK 912 $a9910453449603321 996 $aSiblings in the unconscious and psychopathology$91906611 997 $aUNINA